000 00313nam a22001337a 4500
008 180301b xxu||||| |||| 00| 0 eng d
020 _a9780471593591
041 _aeng
080 _a338
100 _a53
101 _aMNG
245 _aInterviewing and Selecting High Performers
_cBeauty, R.H
942 _2udc
_cBK
999 _c43765
_d43765